LEADER 01154nam a2200277 u 4500 001 000000032774 003 CaOOAMICUS 005 20070226112305.0 008 971023s1974 gw u000 u ger u 020 $a3460037016 035 $a10773944 040 $aPUL(R)$bita 100 1 $aSeybold, Klaus.$0(OLS)http://pul/name/25738 245 10$aBilder zum Tempelbau :$bdie Visionen des Propheten Sacharja /$cKlaus Seybold. 260 $aStuttgart :$bKBW Verlag,$cc1974. 300 $a128 p. ;$c21 cm 490 1 $aStuttgarter Bibelstudien ;$v70 504 $a"Literatur": p. 114-122. 730 0 $aBiblia.$lTedesco.$kGruppi, scelte.$0(OLS)http://pul/title/15476 830 0$aStuttgarter Bibelstudien ;$v70.$0(OLS)http://pul/title/15475 850 $aPUL 852 $aPUL$W1$xDP2 Religione 1$y63$m10(4) H 70$j45100$nBK-PRI$qStampati$B45100$CPULBib$Z2$F45100 $H60872 $81 941 1 $a8 996 $6020$a3460037016$9(OLS)http://pul/number/41171 996 $6245$aBilder zum Tempelbau :$bdie Visionen des Propheten Sacharja$9(OLS)http://pul/title/45184 996 $6260$aStuttgart :$bKBW Verlag$9(OLS)http://pul/publisher/58729 LEADER 01627nam a2200313 u 4500 001 000000110275 003 CaOOAMICUS 005 20080304101841.0 008 080304s2005 it afh u000 u ita u 020 $a88-8402-488-9 040 $aPUL$bita$dBc 100 1 $aRossi, Carla.$0(OLS)http://pul/name/67567 240 10$aRacines de l'Europe : les sociétés du haut moyen age (568-888)$lItaliano.$0(OLS)http://pul/title/138656 245 13$aIl manoscritto perduto del Voyage de Charlemagne :$bil Codice Royal 16 E VIII della British Library /$cCarla Rossi. 260 $aRoma :$bSalerno,$cc2005. 300 $a136 p., [4] c. di tav. :$bill., facs. ;$c21 cm. 490 1 $aPiccoli saggi ;$v25 504 $aInclude indici e bibliografia in nota. 610 24$aBritish Library$kManoscritti.$0(OLS)http://pul/subject/34099 630 04$aVoyage de Charlemagne à Jérusalem et à Constantinople.$0(OLS)http://pul/subject/34096 650 4$aManoscritti$yMedieovo$xStoria.$0(OLS)http://pul/subject/34098 650 4$aPoesia francese$yMedioevo.$0(OLS)http://pul/subject/34097 830 0$aPiccoli saggi (Salerno editrice) ;$v25.$0(OLS)http://pul/title/104372 850 $aPUL 852 $aPUL$W1$xSL Cons. Gen., Altre Classi 3$y75$m944 ROSCA 1$j126312$qDDC 21$B125038$CPULBib$Z2$F125038 $H106572 $82 941 1 $a9 996 $6020$a88-8402-488-9 $9(OLS)http://pul/number/137309 996 $6245$aIl manoscritto perduto del Voyage de Charlemagne :$bil Codice Royal 16 E VIII della British Library$9(OLS)http://pul/title/138657 996 $6260$aRoma :$bSalerno$9(OLS)http://pul/publisher/61304